Between Muslim Nationalists and Nationalist Muslims (Record no. 17183)
[ view plain ]
| 000 -LEADER | |
|---|---|
| fixed length control field | 00634nam a2200241 a 4500 |
| 020 ## - INTERNATIONAL STANDARD BOOK NUMBER | |
| ISBN | |
| 082 00 - DEWEY DECIMAL CLASSIFICATION NUMBER | |
| Classification number | 305.6297054 |
| Author Cutter | KHA1 |
| 100 ## - MAIN ENTRY--AUTHOR NAME | |
| Author name | Khalidi, Omar |
| 245 ## - TITLE STATEMENT | |
| Title | Between Muslim Nationalists and Nationalist Muslims |
| Sub title | Mawdudi`s Thoughts |
| 260 ## - PUBLICATION, DISTRIBUTION, ETC. (IMPRINT) | |
| Place of publication | Delhi |
| Name of publisher | Institute of Objective Studies |
| Year of publication | 2004 |
| 300 ## - PHYSICAL DESCRIPTION | |
| Number of Pages | 80p |
| 500 ## - GENERAL NOTE | |
| General note | includes index and biblioraphy |
| 505 2# - FORMATTED CONTENTS NOTE | |
| Formatted contents note | Appendix |
| 650 ## - SUBJECT ADDED ENTRY--TOPICAL TERM | |
| Topical Term | Muslims-India |
| 942 ## - ADDED ENTRY ELEMENTS (KOHA) | |
| Koha item type | Books |
| 700 1# - | |
| -- | Khalidi, Omar |
| Collection code | Home library | Current library | Date acquired | Cost, normal purchase price | Full call number | Accession Number | Koha item type |
|---|---|---|---|---|---|---|---|
| Henry Martyn Institute Library | Henry Martyn Institute Library | 03/28/2007 | 120.00 | 305.6297054 KHA1 | 021239 | Books |
